Classement UFC Welterweight Homme - Statistiques

Statistiques générales
  • Ce quiz a été pris 251 fois
    21 depuis la dernière actualisation
  • Le résultat moyen est 10 sur 16
Statistiques - réponses
Classement Nationalité Combattants % Correct
CHAMPION 🇷🇺 Islam Makhachev
100%
# 1 🇦🇺 Jack Della Maddalena
94%
# 5 🇵🇸 Belal Muhammad
83%
# 6 🇧🇷 Carlos Prates
83%
# 2 🇮🇪 Ian Macchado Garry
78%
# 8 🇳🇬 Kamaru Usman
78%
# 9 🏴󠁧󠁢󠁥󠁮󠁧󠁿/🇯🇲 Leon Edwards
78%
# 4 🇪🇨 Michael Morales
72%
# 3 🇰🇿 Shavkat Rakhmonov
67%
# 7 🇺🇲 Sean Brady
61%
# 13 🇺🇲 Colby Covington
50%
# 10 🇺🇲 Joaquin Buckley
44%
# 11 🇧🇷 Gabriel Bonfim
28%
# 14 🇺🇲 Geoff Neal
28%
# 12 🇧🇷 Gilbert Burns
28%
# 15 🇺🇲 Daniel Rodriguez
17%
Aucun quiz correspondant
Distribution des résultats
% des personnes avec chaque résultat
Percentile par nombre de réponses
Votre historique - résultats
Vous n’avez pas pris ce quiz depuis la dernière actualisation